Brighty of the grand canyon / (Record no. 3637)

MARC details
000 -LEADER
fixed length control field 00759nam a22002417a 4500
001 - CONTROL NUMBER
control field 3637
003 - CONTROL NUMBER IDENTIFIER
control field FISKH
005 - DATE AND TIME OF LATEST TRANSACTION
control field 20240401161324.0
008 - FIXED-LENGTH DATA ELEMENTS--GENERAL INFORMATION
fixed length control field 240401b cb ||||| |||| 00| 0 eng d
040 ## - CATALOGING SOURCE
Original cataloging agency FISK
Language of cataloging eng
Transcribing agency FISK
Modifying agency FISK
050 ## - LIBRARY OF CONGRESS CALL NUMBER
Classification number PZ10.H43
082 ## - DEWEY DECIMAL CLASSIFICATION NUMBER
Classification number 813
100 ## - MAIN ENTRY--PERSONAL NAME
Personal name Henry Marguerite
Dates associated with a name 1902-1992
245 ## - TITLE STATEMENT
Title Brighty of the grand canyon /
Statement of responsibility, etc. Marguerite Henry
260 ## - PUBLICATION, DISTRIBUTION, ETC.
Place of publication, distribution, etc. New York :
Name of publisher, distributor, etc. Rand McNally & Company,
Date of publication, distribution, etc. 1953
300 ## - PHYSICAL DESCRIPTION
Extent 222 pages :
Other physical details illustrations,
Dimensions 20 cm
505 ## - FORMATTED CONTENTS NOTE
Formatted contents note Q
520 ## - SUMMARY, ETC.
Summary, etc. Relates the adventures of a little burro who blazed trails through the Grand Canyon and met many famous people in the process.
521 8# - TARGET AUDIENCE NOTE
Target audience note 880
Source Lexile
700 ## - ADDED ENTRY--PERSONAL NAME
Personal name Marguerite Henry
942 ## - ADDED ENTRY ELEMENTS (KOHA)
Source of classification or shelving scheme Dewey Decimal Classification
Koha item type Books
Suppress in OPAC No
Holdings
Withdrawn status Lost status Source of classification or shelving scheme Damaged status Not for loan Collection Home library Current library Shelving location Date acquired Total Checkouts Full call number Barcode Date last seen Copy number Price effective from Koha item type
    Dewey Decimal Classification     Fiction Footprints International School Library Network Toul Kork Campus Footprints International School Library Network Toul Kork Campus TTP Secondary Fiction Bookshelves 04/01/2024   HEN PZ10.H43 813 2024-0433 04/01/2024 1 04/01/2024 Books